| 000 | 00504nam a2200157 i 4500 | ||
|---|---|---|---|
| 001 | 185412 | ||
| 003 | ES-MaACL | ||
| 005 | 20250717062049.0 | ||
| 008 | 160601s1909 fr |||| | fre d | ||
| 100 | 1 |
_aMistral, Frédéric, _d1830-1914 _981664 |
|
| 245 | 1 | 0 |
_aMireille, poème provençal : _bavec la trad. littérale en regard / _cFrédéric Mistral. |
| 260 |
_aParis : _bE. Fasquelle, _c1909. |
||
| 300 |
_aVIII,511 p. ; _c19 cm. |
||
| 852 |
_aES-MaACL _jG-15856 |
||
| 999 |
_c185412 _d185412 |
||